<?xml version="1.0" encoding="UTF-8"?>
<collection xmlns:xsi="http://www.w3.org/2001/XMLSchema-instance" xsi:schemaLocation="http://www.loc.gov/MARC21/slim http://www.loc.gov/standards/marcxml/schema/MARC21slim.xsd" xmlns="http://www.loc.gov/MARC21/slim">
 <record>
  <leader>00000nam a2200000 i 4500</leader>
  <controlfield tag="001">UP-1686042739784873311</controlfield>
  <controlfield tag="003">Buklod</controlfield>
  <controlfield tag="005">20240703101201.0</controlfield>
  <controlfield tag="006">m     o  u        </controlfield>
  <controlfield tag="007">ta</controlfield>
  <controlfield tag="008">240703s2023    enk     ob  b|001 0|eng d</controlfield>
  <datafield tag="020" ind1=" " ind2=" ">
   <subfield code="z">9781032346724</subfield>
   <subfield code="a">(paperback)</subfield>
  </datafield>
  <datafield tag="035" ind1=" " ind2=" ">
   <subfield code="a">22750886</subfield>
  </datafield>
  <datafield tag="037" ind1=" " ind2=" ">
   <subfield code="a">GRC-3799</subfield>
   <subfield code="b">Php4,234.00</subfield>
   <subfield code="c">SERV Enterprises</subfield>
   <subfield code="n">Institute of Management</subfield>
  </datafield>
  <datafield tag="040" ind1=" " ind2=" ">
   <subfield code="a">DLC</subfield>
   <subfield code="e">rda</subfield>
   <subfield code="d">BAG</subfield>
  </datafield>
  <datafield tag="041" ind1="0" ind2=" ">
   <subfield code="a">eng</subfield>
  </datafield>
  <datafield tag="090" ind1="0" ind2="0">
   <subfield code="a">JZ 4850</subfield>
   <subfield code="b">I36 2023</subfield>
  </datafield>
  <datafield tag="245" ind1="0" ind2="0">
   <subfield code="a">International public administrations in global public policy</subfield>
   <subfield code="b">sources and effects of bureaucratic influence</subfield>
   <subfield code="c">edited by Christoph Knill and Yves Steinebach.</subfield>
  </datafield>
  <datafield tag="264" ind1=" " ind2="1">
   <subfield code="a">Abingdon, Oxon, [England]</subfield>
   <subfield code="b">Routledge</subfield>
   <subfield code="c">2023.</subfield>
  </datafield>
  <datafield tag="300" ind1=" " ind2=" ">
   <subfield code="a">xix, 255 pages</subfield>
   <subfield code="b">illustrations</subfield>
   <subfield code="c">24 cm</subfield>
  </datafield>
  <datafield tag="336" ind1=" " ind2=" ">
   <subfield code="a">text</subfield>
   <subfield code="2">rdacontent</subfield>
  </datafield>
  <datafield tag="337" ind1=" " ind2=" ">
   <subfield code="a">computer</subfield>
   <subfield code="2">rdamedia</subfield>
  </datafield>
  <datafield tag="338" ind1=" " ind2=" ">
   <subfield code="a">volume</subfield>
   <subfield code="2">rdacarrier</subfield>
  </datafield>
  <datafield tag="490" ind1="0" ind2=" ">
   <subfield code="a">Routledge studies in policy and power</subfield>
  </datafield>
  <datafield tag="504" ind1=" " ind2=" ">
   <subfield code="a">Includes bibliographical references and index.</subfield>
  </datafield>
  <datafield tag="505" ind1="0" ind2=" ">
   <subfield code="a">Chapter 1. Introduction : international public administrations in global public policy / Christoph Knill and Yves Steinebach&#13;
&#13;
PART I: DIMENSIONS AND SOURCES OF IPA AUTHORITY: Chapter 2. No actorness without autonomy : researching IPAs' role in transnational policy-making / Michael W. Bauer and Jörn Ege -- Chapter 3.  Conditions of influence : policy effects of IPA autonomy in comparative perspective / Michael W. Bauer, Jörn Ege, and Nora Wagner -- Chapter 4. Reputation and influence : a comparative assessment of stakeholder attitudes toward IPAs / Andrea Liese and Mirko Heinzel -- Chapter 5. Towards digital authority of international public administrations in global climate and disability policymaking / Alexandra Goritz, Helge Jörgens, Nina Kolleck, and Johannes Schuster.&#13;
&#13;
PART 11: IPAs AS ORGANIZATIONS: Chapter 6. How administrative styles matter : international public administrations as agents in global public policy / Christoph Knill, Yves Steinebach, and Louisa Bayerlein -- Chapter 7. Bureaucratic agency and policy performance in international organizations / Yves Steinebach, Christoph Knill, Constantin Kaplaner, and Louisa Bayerlein -- Chapter 8. How administrative styles impact on organizational change and reforms of international public administrations / Stephan Grohs and Daniel Rasch.&#13;
&#13;
PART III: RESOURCE POLITICS: Chapter 9. Money and time : budgeting and resourcing in international public administrations / Klaus H. Goetz, Ronny Patz, and Svanhildur Thorvaldsdottir -- Chapter 10. The politics of evaluation in international organizations / Steffen Eckhard and Vytautas Jankauskas.&#13;
&#13;
PART IV: NODALITY: IPAs AS INTERFACE ACTORS: Chapter 11. Behind the scenes : how international treaty secretariats use social networks to exert influence in the global climate policy regime / Nina Kolleck, Helge Jörgens, Mareike Well, Barbara Saerbeck, Alexandra Goritz, and Johannes Schuster -- Chapter 12. Only words? : coordination and power in multilevel administration beyond the state / Arthur Benz -- Chapter 13. How and how much do international public administrations matter? : patterns and sources of their influence in global public policy / Christoph Knill and Yves Steinebach.</subfield>
  </datafield>
  <datafield tag="520" ind1=" " ind2=" ">
   <subfield code="a">&quot;This book examines the rise and agency of International Organizations (IOs) and their bureaucratic bodies - the International Public Administrations (IPAs) - as a reflection of an ongoing transfer of political authority and power from the domestic to the international level. It shows that IPAs represent actors per se, with autonomy and resources that allow them to exert an independent influence on global policy-making processes and outputs. Providing a combination of novel conceptual lenses and research design to capture IPAs as an empirical phenomenon, the book takes an open, theoretically and methodologically diverse approach to show that IPAs are far from being negligible actors in global public policy and must be taken seriously as actors in policy-making beyond the nation state. This book will be of key interest to students, scholars and practitioners in Public Policy and Public Administration, International Relations, International Political Economy, as well as Organizational Studies&quot;--</subfield>
   <subfield code="c">Provided by publisher.</subfield>
  </datafield>
  <datafield tag="650" ind1=" " ind2="0">
   <subfield code="a">International agencies.</subfield>
  </datafield>
  <datafield tag="650" ind1=" " ind2="0">
   <subfield code="a">Policy sciences</subfield>
   <subfield code="x">International cooperation.</subfield>
  </datafield>
  <datafield tag="650" ind1=" " ind2="0">
   <subfield code="a">Public administration</subfield>
   <subfield code="x">International cooperation.</subfield>
  </datafield>
  <datafield tag="700" ind1="1" ind2=" ">
   <subfield code="a">Knill, Christoph</subfield>
   <subfield code="e">editor.</subfield>
  </datafield>
  <datafield tag="700" ind1="1" ind2=" ">
   <subfield code="a">Steinebach, Yves</subfield>
   <subfield code="d">1987-</subfield>
   <subfield code="e">editor.</subfield>
  </datafield>
  <datafield tag="905" ind1=" " ind2=" ">
   <subfield code="a">FO</subfield>
  </datafield>
  <datafield tag="852" ind1="0" ind2=" ">
   <subfield code="a">UPBAG</subfield>
   <subfield code="b">GRC</subfield>
   <subfield code="h">JZ 4850</subfield>
   <subfield code="i">I36 2023</subfield>
  </datafield>
  <datafield tag="942" ind1=" " ind2=" ">
   <subfield code="a">Book</subfield>
  </datafield>
 </record>
</collection>
